000 00384nam a22001457a 4500
008 250604b |||||||| |||| 00| 0 eng d
020 _a9781907406102
050 _aBT 767
_b.R 95
100 _aRyle J.C
245 _aHoliness: It's nature hindrance difficulties and roots
260 _aIreland
_bRevival publishing
_c2010
300 _a414p
_bill;
650 _aholiness
942 _cBK
999 _c3758
_d3758